Catálogo
 En Linea

Falla / (Registro nro. 11782)

Detalles MARC
000 -CABECERA
campo de control de longitud fija 00682nam a2200229 a 4500
001 - NÚMERO DE CONTROL
campo de control 000012117
005 - FECHA Y HORA DE LA ÚLTIMA TRANSACCIÓN
campo de control 20200929162712.0
008 - DATOS DE LONGITUD FIJA--INFORMACIÓN GENERAL
campo de control de longitud fija 091104s1995 sp 000 0bspa d
020 ## - NÚMERO INTERNACIONAL ESTÁNDAR DEL LIBRO
Número Internacional Estándar del Libro 8420646881
040 ## - FUENTE DE LA CATALOGACIÓN
Centro catalogador/agencia de origen DO-SdBNP
Lengua de catalogación spa
Centro/agencia modificador BNPHU
082 ## - NÚMERO DE LA CLASIFICACIÓN DECIMAL DEWEY
Número de clasificación 927.8
Número de documento/Ítem F194G
049 ## - FONDOS LOCALES (OCLC)
Fondos de biblioteca BNPHU
100 1# - ENTRADA PRINCIPAL--NOMBRE DE PERSONA
Nombre de persona García del Busto, José Luis
9 (RLIN) 28635
245 10 - MENCIÓN DE TÍTULO
Título Falla /
Mención de responsabilidad, etc. José Luis García del Busto.
260 ## - PUBLICACIÓN, DISTRIBUCIÓN, ETC.
Lugar de publicación, distribución, etc. Madrid :
Nombre del editor, distribuidor, etc. Alianza,
Fecha de publicación, distribución, etc. 1995.
300 ## - DESCRIPCIÓN FÍSICA
Extensión 63 p. ;
Dimensiones 15 cm.
490 1# - MENCIÓN DE SERIE
Mención de serie Alianza cien
Designación de volumen o secuencia 88
600 10 - PUNTO DE ACCESO ADICIONAL DE MATERIA--NOMBRE DE PERSONA
Nombre de persona FALLA Y MATHEU, MANUEL DE,
Fechas asociadas al nombre 1876-1946
Subdivisión de forma BIOGRAFÍA
9 (RLIN) 28636
650 #4 - PUNTO DE ACCESO ADICIONAL DE MATERIA--TÉRMINO DE MATERIA
Término de materia o nombre geográfico como elemento de entrada Compositores españoles
Subdivisión de forma BIOGRAFÍA
9 (RLIN) 28637
830 #0 - PUNTO DE ACCESO ADICIONAL DE SERIE-TÍTULO UNIFORME
Título uniforme Alianza cien ;
Designación de volumen o secuencia 88
9 (RLIN) 12832
910 ## - DATOS DE OPCIÓN DEL USUARIO (OCLC)
Datos de opción del usuario WM
Existencias
Estado de retiro Estado de pérdida Restricciones de uso No para préstamo Código de colección Localización permanente Ubicación/localización actual Ubicación en estantería Fecha de adquisición Número de inventario Total de préstamos Signatura topográfica completa Código de barras Fecha visto por última vez Precio válido a partir de Tipo de ítem Koha
        Monografías: Libros y Folletos General General Depósito 04.11.2009 LF1   927.8 F194G 12117-10 25.06.2020 25.06.2020 Préstamo en sala

Con tecnología Koha